Методическое пособие для педиатров, прибывающих в Алжирскую Народную Демократическую Республику (Запись № 7271497)

Подробности
000 -МАРКЕР
контрольное поле 02848nam0a22002771 4500
001 - ИДЕНТИФИКАТОР ЗАПИСИ
контрольное поле rc\3682040
005 - ИДЕНТИФИКАТОР ВЕРСИИ
контрольное поле 20130115151603.7
035 ## - ДРУГИЕ СИСТЕМНЫЕ НОМЕРА
Идентификатор записи (NLR Aleph) 007751763
100 ## - ДАННЫЕ ОБЩЕЙ ОБРАБОТКИ
Данные общей обработки 20130115d1973 |||y0rusy50 ca
101 0# - ЯЗЫК РЕСУРСА
Язык текста, звукозаписи и т.д. русский
102 ## - СТРАНА ПУБЛИКАЦИИ ИЛИ ПРОИЗВОДСТВА
Страна публикации Российская Федерация
105 ## - ПОЛЕ КОДИРОВАННЫХ ДАННЫХ: ТЕКСТОВЫЕ МАТЕРИАЛЫ, МОНОГРАФИЧЕСКИЕ
Кодированные данные о монографическом текстовом документе k z |||||
200 1# - ЗАГЛАВИЕ И СВЕДЕНИЯ ОБ ОТВЕТСТВЕННОСТИ
Основное заглавие Методическое пособие для педиатров, прибывающих в Алжирскую Народную Демократическую Республику
Первые сведения об ответственности Сост. Сафронов В.В., канд. мед. наук
Последующие сведения об ответственности М-во здрав. СССР. Упр. внешних сношений. Представитель Минздрава СССР в АНДР
210 ## - ПУБЛИКАЦИЯ, РАСПРОСТРАНЕНИЕ И ДР.
Место издания, распространения и т.д. [Москва]
Имя издателя, распространителя и т. д. Б. и.
Дата издания, распространения и т.д. 1973
215 ## - ФИЗИЧЕСКАЯ ХАРАКТЕРИСТИКА
Специфическое обозначение материала и объем [1], 266 с., 4 л. бланк.
Размеры 20
327 0# - ПРИМЕЧАНИЯ О СОДЕРЖАНИИ
Текст примечания В кн. также: Методические указания для терапевтов, прибывающих в Алжирскую Народную Демократическую Республику / Сост. В.Н. Арсеньев, канд. мед. наук. Памятка по назначению лекарственных препаратов для врачей-хирургов, впервые прибывающих на работу в Алжирскую Народную Демократическую Республику / Подгот. хирург Улиганец Г.М. Особенности диагностики и лечения некоторых хирургических заболеваний в условиях Алжира: (Метод. письмо) / Канд. мед. наук Сайдаковский Ю.Я., [и др.]
464 #0 - АНАЛИТИЧЕСКИЙ УРОВЕНЬ
Встроенное поле 2001#$aПамятка по назначению лекарственных препаратов для врачей-хирургов, впервые прибывающих на работу в Алжирскую Народную Демократическую Республику$fПодгот. хирург Улиганец Г.М.
-- 702#1$aУлиганец$bГ.М.$4570
464 #0 - АНАЛИТИЧЕСКИЙ УРОВЕНЬ
Встроенное поле 2001#$aОсобенности диагностики и лечения некоторых хирургических заболеваний в условиях Алжира$e(Метод. письмо)$fКанд. мед. наук Сайдаковский Ю.Я.
-- 700#1$aСайдаковский$bЮ.Я.
464 #0 - АНАЛИТИЧЕСКИЙ УРОВЕНЬ
Встроенное поле 2001#$aМетодические указания для терапевтов, прибывающих в Алжирскую Народную Демократическую Республику$fСост. В.Н. Арсеньев, канд. мед. наук
-- 700#1$aАрсеньев$bВ.Н.$4220
702 #1 - ИМЯ ЛИЦА - ВТОРИЧНАЯ ОТВЕТСТВЕННОСТЬ
Начальный элемент ввода Сафронов
Часть имени, кроме начального элемента ввода В. В.
Код отношения Составитель
801 #0 - ИСТОЧНИК ЗАПИСИ
Страна Российская Федерация
Организация NLR
Правила каталогизации psbo
801 #1 - ИСТОЧНИК ЗАПИСИ
Страна Российская Федерация
Организация ELAR
Источник данных rusmarc
852 ## - МЕСТОНАХОЖДЕНИЕ И ШИФР ХРАНЕНИЯ
Идентификатор организации NLR
Шифр хранения (Call Number) 73-3/9022
942 ## - ДОПОЛНИТЕЛЬНЫЕ ЭЛЕМЕНТЫ ЗАПИСИ (АБИС)
Тип экземпляра АБИС Книга
980 ## - КОЛЛЕКЦИЯ
Название коллекции Национальная библиография
Экземпляры
Тип экземпляра Дата поступления Библиотека постоянного хранения Библиотека текущего хранения Место хранения Шифр хранения Штрих-код Статус экземпляра
Книга 26.10.2013 РНБ (Московский) РНБ (Московский) Русский книжный фонд: издания с 1957 года 73-3/9022 7751763-10